The conjuring (Registro nro. 184115)
[ vista simple ]
| 000 -ENCABEZADO | |
|---|---|
| Número de control [NR] | 01479 a2200265 4500 |
| 005 - FECHA Y HORA DE LA ÚLTIMA TRANSACCIÓN | |
| control field | 20140908083039.0 |
| 008 - DE LONGITUD FIJA DE DATOS DE ELEMENTOS - INFORMACIÓN GENERAL | |
| Elementos de longitud fija [NR] | 140205s2013 xxu g 0 mcmul d |
| 040 ## - FUENTE DE CATALOGACION [NR] | |
| Agencia de catalogación original [NR] | CO-BoUCM |
| Quien Cataloga | Jose A. Gerena (modificó) |
| Quien Clasifica | Aldemar Mondragón |
| Idioma de catalogación [NR] | spa |
| 041 ## - CODIGO DE IDIOMA [R] | |
| Código de idioma para texto/pista de sonido o título separado [R] | Inglés |
| 041 ## - CODIGO DE IDIOMA [R] | |
| Código de idioma para texto/pista de sonido o título separado [R] | Español |
| 092 ## - SIGNATURA TOPOGRAFICA LOCAL | |
| Número de clasificación local | DVD 1290 |
| 245 04 - MENCION DE TITULO [NR] | |
| Título [NR] | The conjuring |
| Mención de responsabilidad, etc. [NR] | James Wan, director |
| Medio físico [NR] | [DVD] |
| 260 ## - PUBLICACION, DISTRIBUCION, ETC. (PIE DE IMPRENTA) [R] | |
| Lugar de publicación, distribución, etc. [R] | Hollywood (Los Ángeles, california) |
| Nombre del editor, distribuidor, etc. [R] | New Line Cinema |
| Fecha de publicación, distribución, etc. [R] | 2013 |
| 300 ## - DESCRIPCION FISICA [R] | |
| Extensión [R] | 1 DVD, 112 minutos |
| Otros detalles físicos [NR] | imagen, sonido |
| 500 ## - NOTA GENERAL [R] | |
| Nota general [NR] | SINOPSIS: Basada en hechos reales. Narra los encuentros sobrenaturales que vivió la familia Perron en su casa de Rhode Island a principios de los 70. Ed y Lorraine Warren, investigadores de renombre en el mundo de los fenómenos paranormales, acuden a la llamada de una familia aterrorizada por la presencia en su granja de un ser oscuro en la granja donde vivían |
| 508 ## - NOTA DE CREDITOS DE CREACION/PRODUCCION [R] | |
| Nota de créditos de creación/producción [NR] | CRÉDITOS: Dirigida por James Wan; guion por Chad Hayes y Carey Hayes; música por Joseph Bishara; dirección de arte por <br/>Geoffrey S. Grimsman |
| 511 0# - NOTA DE PARTICIPANTE O INTERPRETE [R] | |
| Nota de participante o intérprete [NR] | REPARTO: Vera Farmiga, Patrick Wilson, Lili Taylor, Ron Livingston, Shanley Caswell, Hayley McFarland, Joey King, Mackenzie Foy, Kyla Deaver, Shannon Kook |
| 650 #7 - ASIENTO SECUNDARIO DE MATERIA - TERMINO TEMATICO [R] | |
| Término temático o nombre geográfico como elemento de entrada [NR] | Peliculas cinematográficas |
| 9 (RLIN) | 21231 |
| 650 #7 - ASIENTO SECUNDARIO DE MATERIA - TERMINO TEMATICO [R] | |
| Término temático o nombre geográfico como elemento de entrada [NR] | Fantasmas |
| Subdivisión de forma [R] | DVD |
| 9 (RLIN) | 55729 |
| 690 ## - ASUNTO AGREGADO LOCAL DE ENTRADA - TÉRMINO TEMÁTICO (OCLC, RLIN) | |
| 9 (RLIN) | 42805 |
| Acceso temático local | Entretenimiento |
| 700 1# - ASIENTO SECUNDARIO - NOMBRE PERSONAL [R] | |
| Nombre personal [NR] | Wan, James |
| Término de relación [R] | director |
| 9 (RLIN) | 55089 |
| 710 2# - ASIENTO SECUNDARIO - NOMBRE CORPORATIVO [R] | |
| Nombre corporativo o de jurisdicción como elemento de entrada [NR] | New Line Cinema |
| 9 (RLIN) | 41925 |
| 710 2# - ASIENTO SECUNDARIO - NOMBRE CORPORATIVO [R] | |
| Nombre corporativo o de jurisdicción como elemento de entrada [NR] | Warner Bros. Pictures |
| 9 (RLIN) | 41920 |
| 942 ## - ELEMENTOS DE ENTRADA AGREGADOS (KOHA) | |
| Source of classification or shelving scheme | LOCAL |
| Tema principal | Entretenimiento |
| Koha item type | Multimedia |
| Edition | 1 |
| Suprimido | Perdido | Dañado | No prestable | Tipo de ítem específico | Ubicación habitual | Ubicación actual | Localización | Fecha de creación | Proveedor | Forma de adquisición | Costo | Volúmen / Fascículo | Signatura topográfica | Código de barras | Última vez visto | Ejemplar | Costo de reposición | Price effective from | Tipo de ítem | Total préstamos | Total Renewals | Fecha de último préstamo |
|---|---|---|---|---|---|---|---|---|---|---|---|---|---|---|---|---|---|---|---|---|---|---|
| DVD | Claustro | Claustro | Colección digital | 07/02/2014 | Donación | 26000.00 | DVD 1290 | 100138971 | 10/12/2024 | Ej.2 | 07/02/2014 | Multimedia | 19 | 5 | 01/08/2019 | |||||||
| Préstamo restringido | DVD | Procesos Técnicos (no para préstamo) | Procesos Técnicos (no para préstamo) | Procesos Técnicos | 16/01/2014 | 10 | Compra | 102000.00 | DVD 1290 | DVD 1290 | 100140097 | 09/12/2025 | Ej.1 | 102000.00 | 16/01/2014 | Multimedia |